000 00300nam a2200121Ia 4500
008 211105s9999 xx 000 0 und d
020 _aVYASA16276
100 _aMaheshanandaji Swami
245 0 _aYoga Concordance Vol 1V
250 _a\N
260 _bKaivalyadhama S.M.Y.M.Samiti
_c\N
300 _a286p.
999 _c9551
_d9551